000 00589nam a2200205Ia 4500
001 13640
003 IVS
005 20250626030857.0
008 211022s9999 xx 000 0 und d
040 _cIVS
082 _a741.6 ALI
100 _aAlizeh Sultan Jung
245 0 _aSocial Media: Increasing harassment or being a platform for awareness.
260 _aKarachi
260 _bIndus Valley School of Art & Architecture
260 _c2018
300 _a31
856 _uhttps://drive.google.com/file/d/17FiWhoph84ydWVbJocPaMeWLGXN6lhj9/view?usp=sharing
942 _cDISS
_2ddc
_n0
999 _c13525
_d13525